Literacy in theory and practice
| Published in: | Cambridge studies in oral and literate culture |
|---|---|
| Main Author: | |
| Content type: | Book |
| Published: |
Cambridge:
Univ. Pr.
1988
|
| Edition: | Repr |
| Series: | Cambridge studies in oral and literate culture ; 9 |
| Source: | MPIPL_cat |
MARC
| LEADER | 00000cam a2200000 ub4500 | ||
|---|---|---|---|
| 001 | PL0051701 | ||
| 003 | PLI01000000000000000051444 | ||
| 005 | 00000000000000.0 | ||
| 008 | ||| u | ||
| 020 | |a 0-521-28961-0 | ||
| 020 | |a 9780521289610 | ||
| 090 | |a 404.2-Str/1 | ||
| 100 | 1 | |a Street, Brian V. | |
| 245 | 0 | 0 | |a Literacy in theory and practice |c Brian V. Street |
| 250 | |a Repr. | ||
| 260 | |a Cambridge |b Univ. Pr. |c 1988 | ||
| 300 | |a XI, 243 p. | ||
| 490 | 0 | |a Cambridge studies in oral and literate culture |v 9 | |
| 830 | 0 | |w PL0000945 | |
| 852 | |c 404.2-Str/1 |m BOOK | ||
| 989 | |a 99-05c | ||